| 000 | 00516cam a22001934a 4500 | ||
|---|---|---|---|
| 001 | 15297005 | ||
| 005 | 20240610003706.0 | ||
| 008 | 080520s2008 cc 000 0 eng | ||
| 020 | _a9789628314362 | ||
| 040 |
_aDLC _cDLC _dDLC |
||
| 082 |
_222 _a323.4. _bCON |
||
| 100 | 1 | _aLawrence, Patrick. | |
| 245 | 1 | 0 |
_aConversations in a failing state / _cPatrick Lawrence. |
| 260 |
_aHong Kong : _bAsian Human Rights Commission, _c2008. |
||
| 300 | _a204 p. ; | ||
| 650 | _aHuman Rights | ||
| 650 | _aPolitical | ||
| 942 | _cL | ||
| 999 |
_c591 _d591 |
||